Hạnh phúc hơn = Happier

محفوظ في:
التفاصيل البيبلوغرافية
المؤلف الرئيسي: Ben-Shahra, Tal
التنسيق: كتاب
اللغة:Undetermined
منشور في: Thành phố Hồ Chí Minh Tổng hợp thành phố Hồ Chí Minh 2009
الموضوعات:
الوسوم: إضافة وسم
لا توجد وسوم, كن أول من يضع وسما على هذه التسجيلة!
Thư viện lưu trữ: Trung tâm Học liệu Trường Đại học Cần Thơ
LEADER 00589nam a2200205Ia 4500
001 CTU_185889
008 210402s9999 xx 000 0 und d
020 |c 55000 
082 |a 158 
082 |b B456 
100 |a Ben-Shahra, Tal 
245 0 |a Hạnh phúc hơn = 
245 0 |b Happier 
245 0 |c Tal Ben-Shahar 
260 |a Thành phố Hồ Chí Minh 
260 |b Tổng hợp thành phố Hồ Chí Minh 
260 |c 2009 
650 |a Happiness,Hạnh phúc 
910 |a Ngô Hồng Xuân 
980 |a Trung tâm Học liệu Trường Đại học Cần Thơ